Movies by Script Opening Quiz Stats

 Plays Quiz Updated Oct 13, 2016

Challenge
Share
Tweet
Embed
Score 0/24 Timer 08:00
0 Plays Today
The script says... The movie is... % Correct
FADE IN: MS -- Dorothy stoops down to Toto -- speaks to him -- then runs down road to b.g. -- Toto following -- DOROTHY She isn't coming yet, Toto. Did she hurt you?The Wizard of Oz
85.1%
FADE IN: EXT. CITYSCAPE - NIGHT
The place is Gotham City. The time, 1987 -- once removed.
Batman
83.8%
FADE IN: INT. ANDY'S BEDROOM
A row of moving boxes lie on the floor of the room. They are drawn up in crayon to look like a miniature Western town.
Toy Story
79.1%
INT. DR. EVIL'S PRIVATE QUARTERS - DAY
The lair is 1960's high-tech. We see a huge oversized conference table with six scary-looking EVIL ASSOCIATES.
Austin Powers - International Man of Mystery
75.2%
FADE IN: EXT. OMAHA BEACH - NORMANDY - DAWN
The ROAR OF NAVAL GUNS now WE SEE THEM FIRING. Huge fifteen inch guns. SWARM OF LANDING CRAFT Heads directly into a nightmare.
Saving Private Ryan
67.5%
EXT. GALAXY - PLANET HOTH
A Star Destroyer moves through space, releasing Imperial probe robots from its underside.
The Empire Strikes Back
59.4%
BOMBING LONDON
MRS. PEVENSIE Edmund Get Away from there! What do you think you're doing?! Peter! PETER (grabs Edmund) Come on! To the shelter, now!
The Lion the Witch and the Wardrobe
51.8%
FADE IN: EXT. FOREST - DAY
Germania. The far reaches of the Roman Empire. Winter 180 A.D. Incongruously enough, the first sound we hear is a beautiful tenor voice. Singing.
Gladiator
51.2%
INT. BARBIZON PLAZA THEATRE - DRESSING ROOM - NIGHT (1964)
JAKE LAMOTTA, wearing a tux, is shadow-boxing.
Raging Bull
46.9%
EXT. WOODS. DAY
An apple tree stands alone at the top of a hill. A handsome fox dressed in an Edwardian-style navy velvet suit leans against it with his arms folded.
Fantastic Mr. Fox
46.3%
FADE IN: NIGHT SEQUENCE
Series of shots of various streets and buildings in the town of Bedford Falls, somewhere in New York State. It is Christmas Eve.
It's a Wonderful Life
41.9%
EXT. VALLEY -- DAY
A MYSTERIOUS WARRIOR treks across the rugged landscape. NARRATOR (V.O.) Legend tells of a legendary warrior whose Kung Fu skills were the stuff of legend.
Kung Fu Panda
37.9%
The script says... The movie is... % Correct
EXT. ROAD -- TEXAS/MEXICO BORDER -- NIGHT
An insect dips, it banks, it loops - and then SPLATS unceremoniously against the windshield of a van that's tearing down the road.
Men in Black
36.1%
FADE IN ON:
THIS KID lying in bed, coughing. Pale, one sick cookie. Maybe he's seven or eight or nine. He holds a remote in one hand, presses it, and a video game moves.
The Princess Bride
34.2%
EXT. TERMINAL BUILDING - PASSENGER LOADING ZONE - NIGHT
Airport bus arrives. Stewardess ELAINE DICKINSON steps off. CAMERA FOLLOWS Elaine as she walks to terminal building.
Airplane
31.6%
INT. JIM'S BEDROOM - NIGHT
PAN across details in a bedroom...we see discarded shirts...pants...socks...and hear PORNO-CHANNEL CHICK (V.O.) Oooh, yeah. Oh, baby, you're so good
American Pie
30.5%
SUPER-FUNKY BLAXPLOITATION-STYLE MUSIC
which builds to an exciting crescendo filling us with the expectation of a thrilling opening sequence. Instead we get: INT. SETH'S CAR
Superbad
20.1%
EXT. BOAT - DAY
Illegal Costa Rican parasail operator helps Americans BEN HILDEBRAND and twelve-year-old ERIC KIRBY strap themselves into a two- person PARASAIL HARNESS.
Jurassic Park III
17.9%
INT. WELTON ACADEMY HALLWAY - DAY
A young boy, dressed in a school uniform and cap, fidgets as his mother adjusts his tie. MOTHER 'Now remember, keep your shoulders back.'
Dead Poet's Society
12.1%
FADE IN: WE ARE FLYING through mist, a dimly glimpsed forest below.
VOICE (V.O.) When I was lying there in the VA hospital, with a big hole blown through the middle of my life
Avatar
10.5%
FADE IN: TITLES APPEAR ON BLACK B.G.
We WIDEN to reveal that the black b.g. is the sludge-clogged Cuyahoga River. We TILT UP from the river to reveal the city of Cleveland.
Major League
10.3%
INT. BATHROOM, YORK HOUSE, LONDON - DAY (MID-1930'S)
A shimmering surface of cold water - held in an immense, free standing, white enamelled bathtub with gilded lion's legs
The King's Speech
7.9%
EXT. FOREST - DAWN
Bare as all hell. The trees stripped of their bark. A CAT prowls across the dead earth. Barely recognizable as the domestic breed it might once have been.
The Book of Eli
7.8%
EXT. BUILDING - DAY
We DISSOLVE from the photograph to Uberman standing in the exact same position. WE PULL BACK showing him atop a BUILDING overlooking the city below.
Megamind
1.2%

You're not logged in!

Compare scores with friends on all Sporcle quizzes.
OR
Log In

You Might Also Like...

Show Comments

Extras

Top Quizzes Today


Score Distribution

Your Account Isn't Verified!

In order to create a playlist on Sporcle, you need to verify the email address you used during registration. Go to your Sporcle Settings to finish the process.

Report this User

Report this user for behavior that violates our Community Guidelines.

Details: